000 00323nam a2200133Ia 4500
005 20251222155154.0
008 251222s9999||||xx |||||||||||||| ||spa||
082 _aEBA.48
100 _aP.W. Iyer.
245 0 _aProceso y Diagnóstico de Enfermería
250 _a3ra. ed.
264 _bMcGraw Hill Interam.
942 _cLIB
999 _c39685
_d39685